000 00747nam a2200229Ii 4500
003 JO-AjNU
008 230605s9999||||xx |||||||||||||| ||und||
017 _a2010/17274
020 _a978-977-477-0876
040 _aJO-AjNU
_bara
_erda
_cJO-AjNU
041 _aara
050 1 4 _aT58.6.M8322
100 3 _aالمغربي،محمد الفاتح محمود البشير,
_eauthor
_933778
245 0 0 _aنظم المعلومات الادارية
250 _aط1
264 3 1 _aالقاهرة:الشركة العربية المتحدة،2011
300 _a208ص
336 _atext
_btxt
_2rdacontent
337 _aunmediated
_bn
_2rdamedia
338 _avolume
_bnc
_2rdacarrier
650 4 _aنظم المعلومات الادارية
_933779
999 _aA13782
_c17350
_d17350